000
00280nam a22001337a 4500
008
171123b xxu||||| |||| 00| 0 eng d
020
_a
9780582256347
041
_a
eng
080
_a
62
100
_a
27
101
_a
MEK
245
_a
MECHATRIONICS
_c
BOLTON.W
942
_2
udc
_c
BK
999
_c
38379
_d
38379